Společenskovědní poznání v sítích inženýrského vzdělávání
Enregistré dans:
| Auteur principal: | |
|---|---|
| Format: | Livre |
| Langue: | tchèque |
| Publié: |
Brno
Paido
2009
|
| Sujets: | |
| Tags: |
Pas de tags, Soyez le premier à ajouter un tag!
|
MARC
| LEADER | 00000nam$a2200000$$$4500 | ||
|---|---|---|---|
| 001 | 0105791 | ||
| 005 | 20221207101327.0 | ||
| 020 | |a 978-80-7315-173-7 | ||
| 041 | 0 | |a cze | |
| 044 | |a CZ | ||
| 245 | 1 | 0 | |a Společenskovědní poznání v sítích inženýrského vzdělávání |c Jarmila Skalková |
| 264 | 1 | |a Brno |b Paido |c 2009 | |
| 300 | |a 85 s. | ||
| 610 | 2 | 0 | |a vzdelávanie |
| 610 | 2 | 0 | |a vedy prírodné |
| 610 | 2 | 0 | |a vedy spoločenské |
| 610 | 2 | 0 | |a praxeológia |
| 610 | 2 | 0 | |a racionalita |
| 610 | 2 | 0 | |a veda |
| 610 | 2 | 0 | |a technika nová |
| 100 | 1 | |a Skalková, Jarmila | |